Statistics for Countries with most rivers

Click here to take the quiz!

General Stats

  • This quiz has been taken 148 times
  • The average score is 7 of 9

Answer Stats

No. of riversCountry% Correct
27United States
99%
36Russia
98%
22Brazil
97%
10India
94%
13Canada
93%
24China
93%
8Democratic Republic of Congo
56%
8Peru
55%
10Bolivia
44%

Score Distribution

Percentile by Number Answered

Percent of People with Each Score

Your Score History

You have not taken this quiz